Les Villes plus peuplées que Paris ! Mort Subite - Statistiques

Statistiques générales
  • Ce quiz a été pris 686 fois
  • Le résultat moyen est 2 sur 8
Answers on the Grid
Answers color-coded by a green-red scale on the quiz's grid according to % correct below.
Tokyo
Moscou
Mexico
Londres
Pékin (Beijing)
Bangkok
New Delhi
Jakarta
Rome
Buenos Aires
Séoul
Oslo
Dublin
Berlin
Madrid
Ottawa
Lisbonne
São Paulo
Dhaka
Istanbul
 
Statistiques - réponses
Réponse % Correct
Tokyo
51%
New Delhi
41%
Pékin (Beijing)
39%
São Paulo
25%
Moscou
23%
Séoul
21%
Istanbul
19%
Dhaka
7%
Aucun quiz correspondant
Distribution des résultats
% des personnes avec chaque résultat
Percentile par nombre de réponses
Votre historique - résultats
Vous n’avez pas pris ce quiz